000
00237nam a22001097a 4500
082
_a
536.2 BAR'T
100
_a
BARTON, A. W
_9
40049
245
_a
A TEXT BOOK ON HEAT
260
_a
LONDON
_b
LONG MANS
_c
1948
300
_a
378P
942
_c
BK
999
_c
567438
_d
567438